The social and political philosophy of sarvodaya after Gandhiji. (Record no. 67151)

MARC details
000 -LEADER
fixed length control field 00676cam a22002291 4500
001 - CONTROL NUMBER
control field sa 66000249
003 - CONTROL NUMBER IDENTIFIER
control field DLC
005 - DATE AND TIME OF LATEST TRANSACTION
control field 20260227112213.0
008 - FIXED-LENGTH DATA ELEMENTS--GENERAL INFORMATION
fixed length control field 740221s1965 xx 000 0 eng
010 ## - LIBRARY OF CONGRESS CONTROL NUMBER
LC control number sa 66000249
035 ## - SYSTEM CONTROL NUMBER
System control number (OCoLC)809637
040 ## - CATALOGING SOURCE
Original cataloging agency DLC
Transcribing agency PPSJ
Modifying agency DLC
042 ## - AUTHENTICATION CODE
Authentication code premarc
050 00 - LIBRARY OF CONGRESS CALL NUMBER
Classification number HN687
Item number .T3
100 1# - MAIN ENTRY--PERSONAL NAME
Personal name Tandon, Vishwanath.
245 14 - TITLE STATEMENT
Title The social and political philosophy of sarvodaya after Gandhiji.
Statement of responsibility, etc. Foreword by Jayaprakash Narayan.
250 ## - EDITION STATEMENT
Edition statement [1st ed.]
260 ## - PUBLICATION, DISTRIBUTION, ETC.
Place of publication, distribution, etc. Varanasi,
Name of publisher, distributor, etc. Sarva Seva Sangh Prakashan
Date of publication, distribution, etc. [1965]
300 ## - PHYSICAL DESCRIPTION
Extent xiv, 252 p.
Dimensions 24 cm.
504 ## - BIBLIOGRAPHY, ETC. NOTE
Bibliography, etc. note Bibliography: p. [230]-244.
651 #0 - SUBJECT ADDED ENTRY--GEOGRAPHIC NAME
Geographic name India
General subdivision Social policy.

No items available.

Powered by Koha